[Event "Quebec op"]
[Site "Montreal"]
[Date "1983.07.31"]
[Round "8"]
[White "David, Eric"]
[Black "Clement, Michel"]
[Result "1-0"]
[WhiteElo "1765"]
[BlackElo "1597"]
[PlyCount "111"]
[EventDate "1983.07.24"]
[EventType "swiss"]
[EventRounds "8"]
[EventCountry "CAN"]
[SourceTitle "EXT 2022"]
[Source "ChessBase"]
[SourceDate "2021.10.06"]
[SourceVersion "1"]
[SourceVersionDate "2021.10.06"]
[SourceQuality "1"]

1. d4 Nf6 2. c4 e6 3. Nc3 d5 4. Bg5 Be7 5. Nf3 Nbd7 6. e3 0-0 7. Bd3 c5 8. 0-0 a6 9. Rc1 dxc4 10. Bxc4 b5 11. Bd3 Bb7 12. Bb1 Re8 13. Re1 Qa5 14. a3 Rac8 15. dxc5 b4 16. Na2 bxa3 17. b4 Qc7 18. Nd4 Nb8 19. Qd3 Nc6 20. Bxf6 Bxf6 21. Qxh7+ Kf8 22. Nxc6 Bxc6 23. e4 Ke7 24. Nc3 Bxc3 25. Rxc3 Rh8 26. Qxg7 Rcg8 27. Qd4 Qxh2+ 28. Kf1 Qxg2+ 29. Ke2 Rd8 30. Qe5 Qg4+ 31. Rf3 Bb5+ 32. Ke3 f5 33. exf5 Qg5+ 34. Rf4 Rh3+ 35. f3 Qf6 36. Qxf6+ Kxf6 37. fxe6+ Ke7 38. Ba2 Rd3+ 39. Ke4 Rh7 40. Re3 Rxe3+ 41. Kxe3 Rh2 42. Rf7+ Ke8 43. Bd5 a2 44. Bxa2 Rxa2 45. Kd4 Rd2+ 46. Ke5 Rb2 47. f4 Rxb4 48. Rb7 Rc4 49. f5 Rxc5+ 50. Kf6 Rc8 51. Ra7 Bc4 52. Rh7 Kd8 53. Rh8+ Kc7 54. Rxc8+ Kxc8 55. Ke7 Bxe6 56. fxe6 1-0